Will: (Record no. 201154)
[ view plain ]
| 000 -LEADER | |
|---|---|
| fixed length control field | 00615nam a22001937a 4500 |
| 005 - DATE AND TIME OF LATEST TRANSACTION | |
| control field | 20240229152856.0 |
| 010 ## - LCCN (DPL NO) | |
| LC control number | ENG-139344 |
| 020 ## - INTERNATIONAL STANDARD BOOK NUMBER | |
| International Standard Book Number | 9788193465349 |
| Terms of availability | 450.00 |
| 035 ## - SYSTEM CONTROL NUMBER | |
| System control number | EN-122876 |
| 037 ## - SOURCE OF ACQUISITION | |
| Stock number | dpl |
| 037 ## - SOURCE OF ACQUISITION | |
| Source of stock number/acquisition | DBAD/PUB |
| 082 ## - DEWEY DECIMAL CLASSIFICATION NUMBER | |
| Classification number | 181.49 |
| 245 ## - TITLE STATEMENT | |
| Title | Will: |
| Remainder of title | Sahaj Marg Educational Series/ |
| Statement of responsibility, etc | Compillation Supervised By Ferinanad Wulliemier |
| 260 ## - PUBLICATION, DISTRIBUTION, ETC. (IMPRINT) | |
| Place of publication, distribution, etc | Kolkata |
| Name of publisher, distributor, etc | Shri Ram Chandra Mission |
| Date of publication, distribution, etc | 2017 |
| 270 ## - ADDRESS | |
| Address | Spiritual Hierarchy Publication Trust |
| City | Kolkata |
| Postal code | 700027 |
| 300 ## - PHYSICAL DESCRIPTION | |
| Extent | xii,264p |
| Dimensions | 24cm(hbk) |
| 700 ## - ADDED ENTRY--PERSONAL NAME | |
| Personal name | Wulliemier, Ferinanad |
| 9 (RLIN) | 62624 |
| 942 ## - ADDED ENTRY ELEMENTS (KOHA) | |
| Source of classification or shelving scheme | Dewey Decimal Classification |
| Item type | English Books |
| Classification part | 181.49 |
| Call number suffix | WIL |
| Withdrawn status | Lost status | Materials specified (bound volume or other part) | Not for loan | Collection code | Home library | Current library | Date acquired | Source of acquisition | Cost, normal purchase price | Full call number | Barcode | Copy number | Cost, replacement price | Koha item type |
|---|---|---|---|---|---|---|---|---|---|---|---|---|---|---|
| VOL-10 | Non-fiction | Bawana | Bawana | 29/02/2024 | DBAD | 450.00 | 181.49 WIL | EN-122876 | 1 | 450.00 | English Books |
